01653nam a2200493 i 45000010005000000030009000050050017000140080039000310150018000700200015000880350023001030350036001260350014001620350021001760350023001970350044002200400028002640410008002920800015003000800012003151000025003272450034003522500025003862600061004113000061004723360027005333370054005603380028006143800016006423800027006583850039006853880014007243880014007385040024007526500034007766550035008106580028008457100036008738560097009099420012010069990015010189520063010339520063010961155KOSZ 00520200811113922.0981118s1985 pl a f f |000 0 pol aUWD 1985/1902 a8301059508 a991008128699705066 a(PL-WaBN)b12093269-48omnis_nlop ab12093269 a(OCoLC)749168133 a(PL)b0000001209326 a(EXLNZ-48OMNIS_NETWORK)9910179554805606 aWA NcWA NdKOSZ 005/HR0 apol a621.56/.59 a(075.8)1 aRubik, MarianeAutor10aChłodnictwo /cMarian Rubik. aWyd. 2 popr. i uzup. aWarszawa ;aŁódź :bPańst. Wydaw. Naukowe,c1985. a281, [2] s., [1] k. tabl. :bfot., rys., wykr. ;c24 cm. aTekstbtxt2rdacontent aBez urządzenia pośredniczącegobn2rdamedia aWoluminbnc2rdacarrier aKsiążki aPublikacje dydaktyczne mPoziom nauczaniaaSzkoły wyższe a1901-2000 a1945-1989 aBibliogr. s. [283]. 7aUrządzenia chłodnicze2DBN 7aPodręczniki akademickie2DBN aInżynieria i technika2 aPaństwowe Wydawnictwo Naukowe uhttp://koha.tu.koszalin.pl/cgi-bin/koha/opac-detail.pl?biblionumber=1155yKatalog online BPK 2UKDcKS c1155d1155 00104070aBPKbBPKcwoP 22630p02070384s2018-07-25yKS 00104070aBPKbBPKcwoP 22631p09102507s2023-12-20yKS